Strength of Materials : a practical apporach Vol. 1 (Record no. 1312)
[ view plain ]
| 000 -LEADER | |
|---|---|
| fixed length control field | 00513nam a2200169 a 4500 |
| 020 ## - INTERNATIONAL STANDARD BOOK NUMBER | |
| ISBN | 8173711259 (paperback) |
| 020 ## - INTERNATIONAL STANDARD BOOK NUMBER | |
| ISBN | 9788173711251 (paperback) |
| 082 ## - DEWEY DECIMAL CLASSIFICATION NUMBER | |
| Classification number | 620.11 PRA |
| 100 1# - MAIN ENTRY--AUTHOR NAME | |
| Personal name | Rao, D.S. Prakash. |
| 245 10 - TITLE STATEMENT | |
| Title | Strength of Materials : a practical apporach Vol. 1 |
| 260 ## - PUBLICATION, DISTRIBUTION, ETC. (IMPRINT) | |
| Place of publication | Hyderabad India |
| Name of publisher | Uiversities Press |
| Year of publication | 1999. |
| 300 ## - PHYSICAL DESCRIPTION | |
| Number of Pages | xv,646 p. ; |
| 490 1# - SERIES STATEMENT | |
| Series statement | Vol. 1. |
| 650 ## - SUBJECT ADDED ENTRY--TOPICAL TERM | |
| Topical Term | Strength of Materials |
| 856 40 - ELECTRONIC LOCATION AND ACCESS | |
| Uniform Resource Identifier | http://www.amazon.com/exec/obidos/ASIN/8173711259/chopaconline-20 |
| 942 ## - ADDED ENTRY ELEMENTS (KOHA) | |
| Koha item type | Books |
| Withdrawn status | Lost status | Home library | Current library | Date acquired | Full call number | Accession Number | Koha item type |
|---|---|---|---|---|---|---|---|
| Lost and Paid For | Central Library, QUEST, Nawabshah | Central Library, QUEST, Nawabshah | 30/04/2014 | 620.11RAO | 23941 | Books | |
| Central Library, QUEST, Nawabshah | Central Library, QUEST, Nawabshah | 30/04/2014 | 620.11RAO | 23942 | Books | ||
| Central Library, QUEST, Nawabshah | Central Library, QUEST, Nawabshah | 30/04/2014 | 620.11RAO | 23943 | Books | ||
| Reference Section | Reference Section | 30/04/2014 | 620.11RAO (Shelf - 40A) | 23939 | Books | ||
| Reference Section | Reference Section | 30/04/2014 | 620.11RAO | 23940 | Books |